Światowa Literatura cz. 2 - Statystyki

Ogólne statystyki
  • Ten quiz został rozwiązany 60 razy
  • Średni wynik to 6 z 10
Statystyki odpowiedzi
Książka Autor % Poprawnych
1984 George Orwell
98%
Zbrodnia i kara Fiodor Dostojewski
89%
Harry Potter J.K. Rowling
89%
Dżuma Albert Camus
86%
Duma i uprzedzenie Jane Austen
68%
Lolita Vladimir Nabokov
63%
Czarodziejska Góra Thomas Mann
46%
Nowy wspaniały świat Aldous Huxley
43%
Alchemik Paulo Coelho
43%
Millenium Stieg Larsson
23%
Nie znaleziono quizów pasujących do podanych kryteriów
Rozkład punktacji
Procent ludzi z każdym wynikiem
Percentyl według liczby udzielonych odpowiedzi
Twoja historia wyników
Nie rozwiązałeś tego quizu